000 00449nam a2200193Ia 4500
005 20240823014651.0
008 240823s9999||||xx |||||||||||||| ||und||
020 _a019562255-3
041 _aENGLISH
082 _A823 P5
100 _a"Corbett,Jim"
245 0 _aMan-Eaters of Kumaon
250 _a2nd
260 _c2005
_b"Oxford University Press,Calcutta"
500 _aYES
650 _aAnimal
_bGeneral
942 _cBK
999 _c170620
_d170620